000 00782nam a22002537a 4500
001 1245
003 DO-SdBPM
005 20250606124832.0
007 1245
008 160616b 2005 mx | | 00| 0 spa d
020 _a968151887X
040 _aDO-SdBPM
_bspa
_cBPMSU
082 4 _a923.173
_bK35G 2005
_222
100 1 _aGonzález, Jesús Gabriel
245 1 0 _aJohn Fitzgerald Kennedy /
_cJesús Gabriel González
260 _aMéxico :
_bEditores Mexicanos Unidos,
_c2005
300 _a92 p. :
_bil., retrs.
_c23 cm.
490 0 _aPersonajes de la historia
590 _aInventariado, 2025/VM
600 1 4 _aKennedy, John Fitzgerald,
_d1917-1963
_vBiografías
650 4 _aEstadistas estadounidenses.
910 _aVMateo V. Control de calidad. BPMSU
942 _2ddc
_cBK
999 _c10416
_d10416